00502nam a2200181 a 4500001001300000003000900013005001700022008004100039020002300080082001300103100002100116245006600137260003700203300000900240500003500249650001500284700002100299nice12345678IN_TiNIC20260116014451.0070412s2002 newa grp 000 0 eng  a8124602042 c33000a180bVIC aVictor, P George aSocial Relevance of Philosophyb Essays on Applied Philosophy aNew Delhi bDk Printworld c2002 a195p aincludes index and biblioraphy aPhilosophy1 aVictor, P George